True or False - Philippines Version - Statistics

General Stats
  • This quiz has been taken 16 times
  • The average score is 31 of 50
Answer Stats
Hint Answer % Correct
The official language is Philippine. False
92%
The capital is Quezon City. False
92%
The capital is Manila. True
92%
The island groups are Luzon, Visayas, and Mindanao. True
92%
Japan did invade Philippines during ww2. True
92%
There are 36 islands in the Philippines. False
83%
The Philippines has a majority of Buddhists. False
83%
Jose Rizal was the first president. False
83%
The Banaue Rice Terraces are located in Surigao. False
83%
The song, "Bahay Kubo" is a revolutionary song. False
83%
Ferdinand Magellan discovered the Philippines. True
83%
The original script of Filipino was called "Baybayin". True
83%
The Chocolate Hills are located in Bohol. True
83%
Batanes is the northernmost province of the Philippines. True
83%
Mount Taal is located in an island inside of a lake that shares the same name. True
83%
The president who served from 2016-2022 was Rodrigo Duterte. True
83%
Fishing is one of the most common practices in Philippines. True
83%
In the late 2010s, Marawi experienced an armed conflict. True
83%
A majority of Filipino overseas workers are at South America and South Africa. False
75%
There are 42 presidents of Philippines. False
75%
The 3 priests who were executed were Gomez, Burgos, and Zamora. True
75%
The Philippines has over 7,000 islands. True
75%
The KKK was led by Emilio Aguinaldo. False
67%
Sinigang is a dish that originated in Philippines. True
67%
The Philippines was captured by the US on 1901. True
67%
Typhoon Yolanda struck Philippines on 2013. True
67%
The strongest volcano in the Philippines is called Mount Apo. False
58%
The Philippines shares the same time zone as Papua New Guinea. False
58%
Tawi-Tawi is the only province that touches the Equator. False
58%
The Philippines has one of the fastest growing economies in Asia. True
58%
Jose Palma wrote the poem, "Filipinas" which later became known as the national anthem. True
58%
Rizal Park was formerly known as Luneta Park. True
58%
President Ramon Magsaysay was killed in a plane crash. True
58%
Rainy season and dry season are the only seasons in Philippines. True
58%
The Philippines was involved in the Silk Road. False
50%
The Philippines has about 28 dialects in total. False
50%
Corazon Aquino was the 11th president. True
50%
Albay is larger than Romblon. True
50%
The national animal of the Philippines is the water buffalo. False
42%
Basilan is the southernmost province. False
42%
Mining is a major activity in Philippines. False
42%
There are 81 provinces of the Philippines. True
42%
A long time ago, when the national anthem was composed, it had longer lyrics. False
33%
Filipinos have a lot of European blood. False
33%
The Celebes Sea borders the island of Davao. True
33%
Coconuts were originally grown in Philippines and spread due to Spanish colonization. False
25%
General Trias supported the Spaniards but later switched sides to support Philippine independence. False
25%
The national anthem should always be played in 1/4. False
25%
Malay is a predominant language in southwestern Davao, Sulu, Basilan, and Tawi-Tawi. False
17%
Nueva Ecija is a province of the Philippines. False
0%
No matching quizzes found
Score Distribution
Percent of People with Each Score
Percentile by Number Answered
Your Score History
You have not taken this quiz